| 000 | 00408nam a22001697a 4500 | ||
|---|---|---|---|
| 003 | SGT | ||
| 020 | _a9780323654357 | ||
| 082 |
_a617.96 _bB21F |
||
| 100 | _aFARAG, EHAB | ||
| 245 | _aBROWN'S ATLAS OF REGINAAL ANESTHESIA | ||
| 250 | _a6TH | ||
| 260 |
_aPHILADELPHIA _bELSEVIER PUB _c2021 |
||
| 300 | _a312 | ||
| 650 | _aANESTHESIOLOGY | ||
| 653 | _aBROWN'S ATLAS OF REGINAAL ANESTHESIA | ||
| 942 |
_2ddc _cBK |
||
| 999 |
_c23192 _d23192 |
||